The Complete Works Of St Teresa (Record no. 19781)

MARC details
000 -LEADER
fixed length control field 00337nam a22001457a 4500
020 ## - INTERNATIONAL STANDARD BOOK NUMBER
ISBN 722072813
082 ## - DEWEY DECIMAL CLASSIFICATION NUMBER
Classification number 235.2 PEE
100 ## - MAIN ENTRY--AUTHOR NAME
Author name Peers, E. Allison
245 ## - TITLE STATEMENT
Title The Complete Works Of St Teresa
250 ## - EDITION STATEMENT
Edition statement Vol- 2
260 ## - PUBLICATION, DISTRIBUTION, ETC. (IMPRINT)
Place of publication London
Name of publisher Sheed And Ward
Year of publication 1972
300 ## - PHYSICAL DESCRIPTION
Number of Pages 420 P
650 ## - SUBJECT ADDED ENTRY--TOPICAL TERM
Topical Term Saints - Christianity
942 ## - ADDED ENTRY ELEMENTS (KOHA)
Koha item type Books
Holdings
Home library Current library Shelving location Date acquired Source of acquisition Cost, normal purchase price Full call number Accession Number Koha item type
Henry Martyn Institute Library Henry Martyn Institute Library General stacks 09/21/2015 Dr Andreas D'Souza 0.00 235.2 PEE 11-2448 Books
                   Copyright © 2026 | Henry Martyn Institute | Hyderabad | TS-500052 | INDIA | Implemented by hmi.edu.in
Hit-Count:

Powered by Koha